Marco financiero para el desarrollo de empresas de alta tecnologia en Costa Rica
Sábháilte in:
| Príomhchruthaitheoir: | |
|---|---|
| Rannpháirtithe: | |
| Formáid: | LEABHAR |
| Foilsithe / Cruthaithe: |
[San José , Costa Rica]
1990
|
| Ábhair: | |
| Clibeanna: |
Cuir clib leis
Níl clibeanna ann, Bí ar an gcéad duine le clib a chur leis an taifead seo!
|
MARC
| LEADER | 00000nam a2200000Ia 4500 | ||
|---|---|---|---|
| 003 | 007338 | ||
| 005 | 20221231144305.0 | ||
| 008 | 140114s1990 cr a m 000 ||s d | ||
| 040 | |c cru CEDI | ||
| 090 | |a TFG 3069 | ||
| 100 | |a Fernández Cabrera, José Luis |9 11451 | ||
| 245 | |a Marco financiero para el desarrollo de empresas de alta tecnologia en Costa Rica | ||
| 260 | |c 1990 |a [San José , Costa Rica] | ||
| 300 | |a xxx, 150 [137] hojas ; 27 cm | ||
| 500 | |a Proyecto de graduacion (licenciatura en ingeniería industrial)--Universidad de Costa Rica. Facultad de Ingeniería. Escuela de Ingeniería Industrial | ||
| 650 | |x TECNOLOGIA - COSTA RICA |x EMPRESAS PRIVADAS - COSTA RICA |x FINANZAS |9 11453 | ||
| 700 | |9 11452 |a Solera Osborne, Juan María | ||
| 942 | |c TFG |2 ddc | ||
| 999 | |c 19669 |d 19669 | ||
